| 000 | 00831nam a22002175i 4500 | ||
|---|---|---|---|
| 001 | 176109 | ||
| 003 | ES-MaACL | ||
| 005 | 20230906220004.0 | ||
| 008 | 101217s1966 sp a |||| | spa d | ||
| 080 | _a1 Séneca, Lucio Anneo | ||
| 100 | 1 |
_aBlanco Freijeiro, Antonio. _929252 |
|
| 245 | 1 | 0 |
_aApuntes de la vida romana en la obra de Séneca _b: (in memoriam Senecae) / _cAntonio Blanco Freijeiro. |
| 260 |
_aMadrid : _bTaurus, _cimp. 1966. |
||
| 300 |
_a72 p. : _bil. bl. y n. ; _c25 cm. |
||
| 490 | 1 |
_aCuadernos de la Fundación Pastor ; _v14 |
|
| 600 | 0 | 4 |
_aSéneca, Lucio Anneo- _xCrítica e interpretación. _9144351 |
| 710 | 2 |
_aFundación Pastor de Estudios Clásicos. _94386 |
|
| 830 | 0 |
_aCuadernos de la Fundación Pastor ; _v14 _9182742 |
|
| 852 |
_aES-MaACL _j2273-F-12 _xOlim P-1029-bis |
||
| 999 |
_c176109 _d176109 |
||